Chiến lược quẩn trị và kinh doanh

Đã lưu trong:
書目詳細資料
主要作者: Philippes Lasserre
格式: 圖書
語言:Vietnamese
出版: Chính trị quốc gia 1998
標簽: 添加標簽
沒有標簽, 成為第一個標記此記錄!
Thư viện lưu trữ: Mạng thư viện Đại học Đà Nẵng
LEADER 00642nam a2200277 4500
001 000025431
003 1004
005 20150325120000.0
008 150325s vm 000 vie
020 |c 35,0000 
040 |a D4 
100 |a Philippes Lasserre 
245 |a Chiến lược quẩn trị và kinh doanh 
260 |b Chính trị quốc gia  |c 1998 
300 |a 562tr. ; 
OWN |a LTT 
999 |a From the UDN01 
TYP |a Monograph 
TYP |a Printed language 
980 |a Mạng thư viện Đại học Đà Nẵng